000
00274nam a22001217a 4500
020
_a
81-203-2723-3
082
_a
621.89
245
_a
FUNDAMENTALS OF TRIBOLOGY (PB)
260
_a
New Dehli:
_b
Prentice Hall;
_c
2006.
300
_a
259 p. ;
500
_a
paperback.
942
_c
BK
999
_c
32301
_d
32301